书目信息 |
| 题名: |
激光光学:激光束的传输变换和光束质量控制
|
|
| 作者: | 吕百达 著 | |
| 分册: | ||
| 出版信息: | 成都 四川大学出版社 1992.12 |
|
| 页数: | 382页 | |
| 开本: | 16开 | |
| 丛书名: | ||
| 单 册: | ||
| 中图分类: | O432.12 | |
| 科图分类: | ||
| 主题词: | 光学 | |
| 电子资源: | ||
| ISBN: | 7-5614-0565-0 | |
| 000 | 00624nam0 2200193 45 | |
| 001 | 1009061100 | |
| 005 | 20100906112557.8 | |
| 010 | @a7-5614-0565-0@d14.00元 | |
| 100 | @a20100906d1992 km y0chiy0120 ea | |
| 101 | 0 | @achi |
| 105 | @a z 000yy | |
| 200 | 1 | @a激光光学:激光束的传输变换和光束质量控制@AJi Guang Guang Xue:Ji Guang Shu De Chuan Shu Bian Huan He Guang Shu Zhi Liang Kong Zhi@f吕百达 著@FLu Bai Da Zhu |
| 210 | @a成都@c四川大学出版社@d1992.12 | |
| 215 | @a382页@d16开 | |
| 606 | 0 | @a光学 |
| 690 | @aO432.12@v3 | |
| 701 | 0 | @a吕百达@4著 |
| 801 | @aCN@bPftUser@c20100906 | |
| 905 | @b129532-536@dO432.12@eL131=2@f5 | |
| 激光光学:激光束的传输变换和光束质量控制/吕百达 著.-成都:四川大学出版社,1992.12 |
| 382页;16开 |
| ISBN 7-5614-0565-0:14.00元 |
| ● |
| 相关链接 |
|
|
|
正题名:激光光学:激光束的传输变换和光束质量控制
索取号:O432.12/L131=2
 
预约/预借
| 序号 | 登录号 | 条形码 | 馆藏地/架位号 | 状态 | 备注 |
| 1 | 129532 | 201295320 | 自科库401/401自科库 58排1列4层/ [索取号:O432.12/L131=2] | 在馆 | |
| 2 | 129533 | 201295339 | 自科库401/401自科库 58排1列4层/ [索取号:O432.12/L131=2] | 在馆 | |
| 3 | 129534 | 201295348 | 自科库401/401自科库 58排1列4层/ [索取号:O432.12/L131=2] | 在馆 | |
| 4 | 129535 | 201295357 | 自科库401/401自科库 58排1列4层/ [索取号:O432.12/L131=2] | 在馆 | |
| 5 | 129536 | 201295366 | 自科库401/401自科库 58排1列4层/ [索取号:O432.12/L131=2] | 在馆 |